Legislación periodistica/ (Record no. 104709)

MARC details
000 -LEADER
campo de control de longitud fija 01296nam a2200373 i 4500
001 - NÚMERO DE CONTROL
campo de control MOR01000105036
003 - IDENTIFICADOR DE NÚMERO DE CONTROL
campo de control $$amxdfmo
005 - FECHA Y HORA DE LA ÚLTIMA TRANSACCIÓN
campo de control 20260331230818.0
008 - DATOS DE LONGITUD FIJA--INFORMACIÓN GENERAL
campo de control de longitud fija 170918s1962 dfm g 000 0 spa d
035 ## - NÚMERO DE CONTROL DEL SISTEMA
Número de control de sistema 171083
040 ## - FUENTE DE CATALOGACIÓN
Centro catalogador/agencia de origen mxcmmo
Lengua de catalogación spa
Centro/agencia transcriptor mxcmmo
Normas de descripción rda
041 0# - CÓDIGO DE IDIOMA
Código de lengua del texto/banda sonora o título independiente spa
043 ## - CÓDIGO DE ÁREA GEOGRÁFICA
Código de área geográfica n-mx---
045 ## - PERIODO DE TIEMPO DEL CONTENIDO
Código de periodo de tiempo x6x6
082 04 - NÚMERO DE LA CLASIFICACIÓN DECIMAL DEWEY
Número de clasificación D348
Número de ítem VAL.l
100 1# - ENTRADA PRINCIPAL--NOMBRE DE PERSONA
Nombre de persona Valencia, Alfonso
Término indicativo de función/relación autor
9 (RLIN) 187319
245 10 - MENCIÓN DEL TÍTULO
Título Legislación periodistica/
Mención de responsabilidad, etc. Alfonso Valencia
264 #1 - PRODUCCIÓN, PUBLICACIÓN, DISTRIBUCIÓN, FABRICACIÓN Y COPYRIGHT
Producción, publicación, distribución, fabricación y copyright México:
Nombre del de productor, editor, distribuidor, fabricante Procuraduría General de Justicia de la República, Departamento de Prensa e Información,
Fecha de producción, publicación, distribución, fabricación o copyright 1962
300 ## - DESCRIPCIÓN FÍSICA
Extensión 75 páginas;
Dimensiones 22 cm
336 ## - TIPO DE CONTENIDO
Término de tipo de contenido texto
Código de tipo de contenido txt
Fuente rdacontent
337 ## - TIPO DE MEDIO
Nombre/término del tipo de medio sin medio
Código del tipo de medio n
Fuente rdamedia
338 ## - TIPO DE SOPORTE
Nombre/término del tipo de soporte volumen
Código del tipo de soporte nc
Fuente rdacarrier
561 0# - PROPIEDAD E HISTORIA DE CUSTODIA/NOTA DE PROCEDENCIA
Historial Fondo Miguel Castro Ruiz
650 #7 - PUNTO DE ACCESO ADICIONAL DE MATERIA--TÉRMINO DE MATERIA
Término de materia o nombre geográfico como elemento de entrada Periodismo
Subdivisión geográfica México
Subdivisión general Leyes y legislación
9 (RLIN) 187320
650 #7 - PUNTO DE ACCESO ADICIONAL DE MATERIA--TÉRMINO DE MATERIA
Término de materia o nombre geográfico como elemento de entrada Prensa
Subdivisión geográfica México
Subdivisión general Leyes y legislación
9 (RLIN) 187321
710 1# - ENTRADA AGREGADA--NOMBRE DE ENTIDAD CORPORATIVA
Nombre de entidad corporativa o nombre de jurisdicción como elemento de entrada Procuraduría General de la República (México)
Unidad subordinada Departamento de Prensa e Información
9 (RLIN) 187322
900 ## - ELEMENTOS DE DATOS A LOCAL, LDA (RLIN)
Nombre de persona CATY
Numeración 30
Títulos y otros términos asociados al nombre 20171006
Lenguaje de la obra MOR01
-- 1334
900 ## - ELEMENTOS DE DATOS A LOCAL, LDA (RLIN)
Nombre de persona KLASY
Numeración 30
Títulos y otros términos asociados al nombre 20171010
Lenguaje de la obra MOR01
-- 1029
900 ## - ELEMENTOS DE DATOS A LOCAL, LDA (RLIN)
Nombre de persona LUIS
Numeración 20
Títulos y otros términos asociados al nombre 20170918
Lenguaje de la obra MOR01
-- 1220
900 ## - ELEMENTOS DE DATOS A LOCAL, LDA (RLIN)
Nombre de persona LUIS
Numeración 20
Títulos y otros términos asociados al nombre 20170918
Lenguaje de la obra MOR01
-- 1220
900 ## - ELEMENTOS DE DATOS A LOCAL, LDA (RLIN)
Nombre de persona VOBO
Numeración 40
Títulos y otros términos asociados al nombre 20180117
Lenguaje de la obra MOR01
-- 1227
904 ## - ELEMENTOS DE DATOS D LOCAL, LDD (RLIN)
a UPDATE
942 ## - ELEMENTOS DE ENTRADA SECUNDARIOS (KOHA)
Código de la institución [OBSOLETO] BK
901 ## - ELEMENTOS DE DATOS A LOCAL LDA (RLIN)
a batch batch
Holdings
Estatus retirado Estado de pérdida Fuente del sistema de clasificación o colocación Especificación de materiales (volumen encuadernado u otra parte) Estado de daño No para préstamo Colección Biblioteca de origen Biblioteca actual Ubicación en estantería Fecha de adquisición Número de inventario Total de préstamos Signatura topográfica completa Código de barras Visto por última vez Precio de reemplazo Tipo de ítem Koha
    Clasificación Decimal Dewey DONACION     Fondo Miguel Castro Biblioteca Nicolas Poussin Biblioteca Nicolas Poussin Regular 06/10/2017 131893   (GC)/D348 VAL.l 33068001365863 03/09/2024 03/09/2024 Libro préstamo regular